| 000 | 01430nam a2200349 a 4500 | ||
|---|---|---|---|
| 001 | ebr10697705 | ||
| 003 | CaPaEBR | ||
| 006 | m o u | ||
| 007 | cr cn||||||||| | ||
| 008 | 130522s2013 ne abcd sbm 000 0 eng d | ||
| 020 | _z9781614992455 | ||
| 020 | _z9781614992462 (e-book) | ||
| 040 |
_aCaPaEBR _cCaPaEBR |
||
| 035 | _a(OCoLC)841486700 | ||
| 043 | _ae-ne--- | ||
| 050 | 1 | 4 |
_aGB638.54 _b.D46 2013eb |
| 100 | 1 | _aDen Heijer, Cornelis. | |
| 245 | 1 | 4 |
_aThe role of bathymetry, wave obliquity and coastal curvature in dune erosion prediction _h[electronic resource] / _cCornelis Den Heijer. |
| 260 |
_aAmsterdam : _bIOS Press BV, _c2013. |
||
| 300 |
_axvi, 173 p. : _bcol. ill., maps, port. |
||
| 490 | 1 |
_aDeltares select series, _x1877-5608 ; _vv. 12 |
|
| 502 | _aDissertation--Technische Universiteit Delft, 2013. | ||
| 504 | _aIncludes bibliographical references. | ||
| 533 |
_aElectronic reproduction. _bPalo Alto, Calif. : _cebrary, _d2013. _nAvailable via World Wide Web. _nAccess may be limited to ebrary affiliated libraries. |
||
| 650 | 0 |
_aBeach erosion _zNetherlands. |
|
| 650 | 0 |
_aSand dunes _zNetherlands. |
|
| 650 | 0 |
_aCoast changes _zNetherlands. |
|
| 655 | 7 |
_aElectronic books. _2local |
|
| 710 | 2 | _aebrary, Inc. | |
| 830 | 0 |
_aDeltares select series ; _vv. 12. |
|
| 856 | 4 | 0 |
_uhttp://site.ebrary.com/lib/rucke/Doc?id=10697705 _zAn electronic book accessible through the World Wide Web; click to view |
| 999 |
_c22967 _d22967 |
||